Throwing in the Towel - Outsiders lyrics - Statistics

General Stats
  • This quiz has been taken 224 times
  • The average score is 310 of 362
Answer Stats
Answer % Correct
I
99%
Soda
99%
to
99%
a
98%
I'm
98%
me
98%
the
98%
The
98%
do
97%
in
97%
ever
96%
go
96%
night
96%
really
96%
you
96%
You
96%
know
95%
mess
95%
my
95%
no
95%
Pony
95%
that
95%
That
95%
think
95%
Think
95%
throwing
95%
what
95%
What
95%
your
95%
can
94%
towel
94%
cartoons
93%
don't
93%
Don't
93%
he
93%
while
93%
worry
93%
ain't
92%
brother
92%
could
92%
for
92%
myself
92%
not
92%
sleep
92%
there
92%
There
92%
this
92%
This
92%
watching
92%
you're
92%
be
91%
got
90%
our
90%
way
90%
and
89%
And
89%
better
89%
Better
89%
every
89%
heart
89%
him
89%
lost
89%
nothing
89%
take
89%
we
89%
We
89%
else
88%
family
88%
good
88%
I've
88%
say
88%
But
87%
far
87%
out
87%
on
86%
On
86%
than
86%
damn
85%
down
85%
it
85%
right
85%
run
85%
fool
84%
ground
84%
into
84%
just
84%
Just
84%
Something
84%
see
83%
cut
82%
done
82%
feel
82%
holding
82%
if
82%
If
82%
keep
82%
like
82%
now
82%
another
81%
best
81%
more
81%
without
81%
'bout
80%
it's
80%
It's
80%
Maybe
80%
pay
80%
Ponyboy's
80%
up
80%
when
80%
When
80%
you'd
80%
been
79%
growing
79%
list
79%
afraid
78%
failure
78%
love
78%
all
77%
days
76%
two
76%
would
76%
hell
75%
is
75%
were
75%
are
74%
harder
73%
need
73%
one
73%
torn
73%
bills
72%
left
72%
saving
72%
That's
72%
thats
72%
that's
72%
too
72%
bail
71%
paying
71%
does
70%
of
70%
overdue
70%
dinner
68%
doing
68%
gotta
68%
Making
68%
ship
68%
was
68%
get
67%
afloat
66%
anyone
66%
back
66%
going
66%
around
65%
away
65%
Darrel
65%
lock
65%
there's
65%
price
64%
darkest
63%
they
63%
you've
63%
comes
62%
home
62%
hour
61%
knowin'
61%
about
60%
It'd
60%
Looking
56%
could'a
55%
light
52%
never
52%
or
52%
can't
50%
time
50%
head
46%
doubt
43%
letting
42%
full
41%
might
39%
givin'
37%
someone
35%
overhead
8%
No matching quizzes found
Score Distribution
Percent of People with Each Score
Percentile by Number Answered
Your Score History
You have not taken this quiz